[Event "GER-ch U25-B"]
[Site "Willingen"]
[Date "2016.05.20"]
[Round "8"]
[White "Arnold, Alexandria"]
[Black "Unbehend, Marius"]
[Result "1/2-1/2"]
[WhiteElo "1047"]
[BlackElo "1311"]
[PlyCount "50"]
[EventDate "2016.05.15"]
[EventType "swiss"]
[EventRounds "9"]
[EventCountry "GER"]
[SourceTitle "CBM 172 Extra"]
[Source "ChessBase"]
[SourceDate "2016.06.21"]
[SourceVersion "1"]
[SourceVersionDate "2016.06.21"]
[SourceQuality "1"]

1. e4 e6 2. d3 d5 3. Nd2 Nf6 4. Ngf3 c5 5. g3 Nc6 6. Bg2 dxe4 7. dxe4 e5 8. 0-0 h6 9. Nc4 Qc7 10. Re1 Be6 11. Qe2 Bg4 12. Qd3 Rd8 13. Qc3 Bxf3 14. Bxf3 Be7 15. b3 0-0 16. Bg2 Rfe8 17. Bb2 Nd4 18. Ne3 Bd6 19. Qd3 Rd7 20. Bxd4 cxd4 21. Bh3 Rdd8 22. Nf5 Bb4 23. Re2 Qc3 24. Qxc3 Bxc3 25. Rb1 d3 1/2-1/2

[Event "GER-ch U25-B"]
[Site "Willingen"]
[Date "2016.05.18"]
[Round "6"]
[White "Arnold, Alexandria"]
[Black "Feil, Alexander"]
[Result "1-0"]
[WhiteElo "1047"]
[BlackElo "1307"]
[PlyCount "105"]
[EventDate "2016.05.15"]
[EventType "swiss"]
[EventRounds "9"]
[EventCountry "GER"]
[SourceTitle "CBM 172 Extra"]
[Source "ChessBase"]
[SourceDate "2016.06.21"]
[SourceVersion "1"]
[SourceVersionDate "2016.06.21"]
[SourceQuality "1"]

1. Nf3 d5 2. e3 Nf6 3. c4 e6 4. Be2 Nc6 5. 0-0 e5 6. cxd5 Nxd5 7. Bc4 Bg4 8. Be2 Bxf3 9. Bxf3 Bc5 10. Qa4 0-0 11. Qc4 e4 12. Bxe4 Nf6 13. Bxc6 bxc6 14. Qxc5 Qd6 15. Qxd6 cxd6 16. d4 d5 17. Nd2 Rfe8 18. Nf3 Nd7 19. b3 f6 20. Ba3 Re6 21. Rfc1 a6 22. Bb2 Rb8 23. Rc2 Rb7 24. Nd2 Nb8 25. a4 f5 26. Ba3 a5 27. Rb1 Na6 28. Nf3 Nb4 29. Bxb4 axb4 30. h3 Rb6 31. Rbc1 Kf8 32. Ne5 Rd6 33. Rxc6 Rdxc6 34. Rxc6 Rxc6 35. Nxc6 Ke8 36. Nxb4 g5 37. Nxd5 Kf7 38. a5 h5 39. a6 g4 40. hxg4 hxg4 41. a7 f4 42. a8Q fxe3 43. Qb7+ Ke6 44. Nxe3 g3 45. Qd5+ Kf6 46. Ng4+ Kg6 47. b4 Kg7 48. b5 Kg6 49. b6 Kh7 50. b7 Kg7 51. b8Q gxf2+ 52. Nxf2 Kh6 53. Qb6+ 1-0

[Event "GER-ch U25 op-B"]
[Site "Willingen"]
[Date "2015.05.28"]
[Round "7"]
[White "Reichel, Sara"]
[Black "Arnold, Alexandria"]
[Result "0-1"]
[WhiteElo "866"]
[BlackElo "1174"]
[PlyCount "50"]
[EventDate "2015.05.24"]
[EventType "swiss"]
[EventRounds "9"]
[EventCountry "GER"]
[SourceTitle "CBM 166 Extra"]
[Source "ChessBase"]
[SourceDate "2015.06.18"]
[SourceVersion "1"]
[SourceVersionDate "2015.06.18"]
[SourceQuality "1"]

1. e4 e5 2. Nf3 Nc6 3. Bc4 Bc5 4. d4 exd4 5. Ng5 Ne5 6. Nxf7 Nxf7 7. Bxf7+ Kxf7 8. Qh5+ g6 9. Qxc5 Qe7 10. Qxd4 Nf6 11. f3 d5 12. Nc3 Rd8 13. e5 Bf5 14. Bg5 Re8 15. f4 c6 16. 0-0 c5 17. Nxd5 Nxd5 18. Qxd5+ Be6 19. Bxe7 Bxd5 20. Bxc5 Rec8 21. b4 b6 22. Bf2 Rxc2 23. Rfc1 Rac8 24. Be3 Rxg2+ 25. Kh1 Rg3# 0-1

[Event "GER-ch U25 op-B"]
[Site "Willingen"]
[Date "2015.05.24"]
[Round "2"]
[White "Arnold, Alexandria"]
[Black "Lohrmann, Linus"]
[Result "0-1"]
[WhiteElo "1174"]
[BlackElo "911"]
[PlyCount "28"]
[EventDate "2015.05.24"]
[EventType "swiss"]
[EventRounds "9"]
[EventCountry "GER"]
[SourceTitle "CBM 166 Extra"]
[Source "ChessBase"]
[SourceDate "2015.06.18"]
[SourceVersion "1"]
[SourceVersionDate "2015.06.18"]
[SourceQuality "1"]

1. e4 e5 2. Nf3 Nc6 3. Bc4 Bc5 4. c3 Nf6 5. d3 a6 6. Bb3 0-0 7. 0-0 h6 8. Nbd2 Re8 9. Re1 Ng4 10. Kf1 Nxf2 11. Qe2 Ng4 12. h3 Nf6 13. Nc4 Nh5 14. Be3 Ng3+ 0-1

[Event "GER-ch U25 op-B"]
[Site "Willingen"]
[Date "2015.05.24"]
[Round "1"]
[White "Thumm, Niklas"]
[Black "Arnold, Alexandria"]
[Result "1-0"]
[WhiteElo "1510"]
[BlackElo "1174"]
[PlyCount "55"]
[EventDate "2015.05.24"]
[EventType "swiss"]
[EventRounds "9"]
[EventCountry "GER"]
[SourceTitle "CBM 166 Extra"]
[Source "ChessBase"]
[SourceDate "2015.06.18"]
[SourceVersion "1"]
[SourceVersionDate "2015.06.18"]
[SourceQuality "1"]

1. e4 e5 2. Nf3 Nc6 3. Bc4 Bc5 4. c3 Nf6 5. d4 exd4 6. cxd4 Bb6 7. 0-0 0-0 8. Nc3 d6 9. h3 Qe8 10. Re1 Ba5 11. e5 dxe5 12. dxe5 Nd7 13. e6 fxe6 14. Rxe6 Qh5 15. Re5+ Qf7 16. Bxf7+ Rxf7 17. Re8+ Rf8 18. Qd5+ Kh8 19. Rxf8+ Nxf8 20. Ng5 h6 21. Nf7+ Kh7 22. Nxh6 gxh6 23. Qf7+ Kh8 24. Qxf8+ Kh7 25. Qf7+ Kh8 26. Bxh6 Bxc3 27. bxc3 Bxh3 28. Qg7# 1-0

[Event "North Germany-chT U14 Girls"]
[Site "Guestrow"]
[Date "2013.09.13"]
[Round "2.2"]
[White "Arnold, Alexandria"]
[Black "Luebbert, Charline"]
[Result "0-1"]
[WhiteElo "1243"]
[BlackElo "1115"]
[PlyCount "30"]
[EventDate "2013.09.13"]
[EventType "team-swiss"]
[EventRounds "5"]
[EventCountry "GER"]
[SourceTitle "EXT 2017"]
[Source "ChessBase"]
[SourceDate "2016.10.25"]
[SourceVersion "1"]
[SourceVersionDate "2016.10.25"]
[SourceQuality "1"]
[WhiteTeam "Berlin Schachpinguine"]
[BlackTeam "Gadebusch"]
[WhiteTeamCountry "GER"]
[BlackTeamCountry "GER"]

1. e4 e5 2. Nf3 Nc6 3. Nc3 Nf6 4. d4 exd4 5. Nxd4 d5 6. Nxc6 bxc6 7. Bd3 Be6 8. 0-0 Bc5 9. Bg5 h6 10. Bh4 Qd7 11. Qf3 Bg4 12. Qg3 Bd6 13. Qe3 Be7 14. h3 d4 15. Qd2 Bxh3 0-1

[Event "GER-ch U25 op-B"]
[Site "Oberhof"]
[Date "2013.05.24"]
[Round "8"]
[White "Matuschak, Henry"]
[Black "Arnold, Alexandria"]
[Result "0-1"]
[WhiteElo "1082"]
[BlackElo "999"]
[PlyCount "122"]
[EventDate "2013.05.19"]
[EventType "swiss"]
[EventRounds "9"]
[EventCountry "GER"]
[SourceTitle "CBM 154 Extra"]
[Source "ChessBase"]
[SourceDate "2013.06.25"]
[SourceVersion "2"]
[SourceVersionDate "2013.06.25"]
[SourceQuality "1"]

1. e4 e5 2. Nf3 Nc6 3. Nc3 Nf6 4. Bb5 d6 5. 0-0 Bd7 6. d3 a6 7. Ba4 Qe7 8. Bg5 h6 9. Bh4 g5 10. Bg3 0-0-0 11. Nd5 Nxd5 12. exd5 Na7 13. Bxd7+ Qxd7 14. Re1 f5 15. h3 f4 16. Bh2 Be7 17. Nd2 h5 18. f3 Rhg8 19. Kf1 g4 20. fxg4 hxg4 21. hxg4 Rxg4 22. d4 Rh4 23. Nf3 Qb5+ 24. Kg1 Rg4 25. Nxe5 Rgg8 26. Nf3 Bf6 27. b3 Qxd5 28. Bxf4 Bxd4+ 29. Qxd4 Qxf3 30. Qf2 Qxf2+ 31. Kxf2 Rdf8 32. g3 Nc6 33. Rg1 Nb4 34. c3 Nd5 35. c4 Nxf4 36. gxf4 Rxg1 37. Rxg1 Rxf4+ 38. Ke2 b5 39. cxb5 axb5 40. Kd3 c5 41. Rc1 Rd4+ 42. Kc3 Rh4 43. a3 Kc7 44. Rb1 Kc6 45. b4 c4 46. Ra1 Rh3+ 47. Kc2 Rh2+ 48. Kc3 Rh3+ 49. Kc2 Rd3 50. Kb2 d5 51. Kc2 d4 52. Rd1 Rxd1 53. Kxd1 d3 54. Kd2 Kb6 55. Kc3 Kc6 56. Kd2 Kd5 57. Kc3 Ke4 58. a4 bxa4 59. b5 a3 60. b6 a2 61. Kxc4 a1Q 0-1

[Event "GER-ch U25 op-B"]
[Site "Oberhof"]
[Date "2013.05.23"]
[Round "7"]
[White "Schilay, Eva"]
[Black "Arnold, Alexandria"]
[Result "1-0"]
[WhiteElo "1223"]
[BlackElo "999"]
[PlyCount "89"]
[EventDate "2013.05.19"]
[EventType "swiss"]
[EventRounds "9"]
[EventCountry "GER"]
[SourceTitle "CBM 154 Extra"]
[Source "ChessBase"]
[SourceDate "2013.06.25"]
[SourceVersion "2"]
[SourceVersionDate "2013.06.25"]
[SourceQuality "1"]

1. e4 e5 2. Bc4 Bc5 3. Nc3 Nc6 4. Qg4 g6 5. Qf3 Nf6 6. d3 Nd4 7. Qd1 d6 8. Nge2 Bg4 9. a3 Nd7 10. h3 Be6 11. Ba2 Qf6 12. Be3 Nxe2 13. Qxe2 Bb6 14. Qd2 Bxe3 15. fxe3 Qh4+ 16. Qf2 Qxf2+ 17. Kxf2 Bxa2 18. Nxa2 0-0-0 19. Raf1 Rdf8 20. Ke2 Nc5 21. Nc3 a6 22. Rf3 Ne6 23. Rhf1 Nd8 24. Nd5 Rhg8 25. Ne7+ Kb8 26. Nxg8 Rxg8 27. d4 Re8 28. Kd3 Ka7 29. Rg3 Kb6 30. Rg5 h6 31. Rg4 Kc6 32. Rh4 h5 33. g4 hxg4 34. hxg4 b5 35. d5+ Kc5 36. b4+ Kb6 37. c4 Rf8 38. Rh6 Nb7 39. Rxg6 bxc4+ 40. Kxc4 a5 41. Rgf6 axb4 42. axb4 Rg8 43. Rg1 Nd8 44. g5 c6 45. Rxd6 1-0

[Event "GER-ch U25 op-B"]
[Site "Oberhof"]
[Date "2013.05.19"]
[Round "2"]
[White "Arnold, Alexandria"]
[Black "Karge, Ole Jannes"]
[Result "1-0"]
[WhiteElo "999"]
[BlackElo "1471"]
[PlyCount "83"]
[EventDate "2013.05.19"]
[EventType "swiss"]
[EventRounds "9"]
[EventCountry "GER"]
[SourceTitle "CBM 154 Extra"]
[Source "ChessBase"]
[SourceDate "2013.06.25"]
[SourceVersion "2"]
[SourceVersionDate "2013.06.25"]
[SourceQuality "1"]

1. e4 c5 2. Nf3 d6 3. Nc3 a6 4. d4 cxd4 5. Nxd4 Nc6 6. Be3 Nf6 7. Bd3 e6 8. Bg5 Be7 9. Nxc6 bxc6 10. Qe2 h6 11. Bh4 Qc7 12. 0-0 0-0 13. h3 d5 14. exd5 cxd5 15. Rfd1 Bb7 16. Qf3 d4 17. Ne4 Nxe4 18. Bxe4 Bxe4 19. Qxe4 Bxh4 20. Qxh4 e5 21. Rac1 Rab8 22. b3 Qa5 23. a4 Rbc8 24. Qe4 Rc7 25. c4 dxc3 26. Rd5 Rc5 27. Rxc5 Qxc5 28. Qd3 Rc8 29. Qxa6 c2 30. b4 Qc3 31. b5 Rd8 32. Kh2 Rd1 33. Qa8+ Kh7 34. Qe4+ g6 35. Rxc2 Qb3 36. Rc7 Qe6 37. Qb7 Kg7 38. a5 Rd2 39. f3 Qa2 40. f4 e4 41. Qxe4 Qxa5 42. Qe5+ 1-0

[Event "GER-ch U25 op-B"]
[Site "Oberhof"]
[Date "2012.06.02"]
[Round "9"]
[White "Arnold, Alexandria"]
[Black "Wagner, Swenja"]
[Result "0-1"]
[WhiteElo "872"]
[BlackElo "1287"]
[PlyCount "94"]
[EventDate "2012.05.27"]
[EventType "swiss"]
[EventRounds "9"]
[EventCountry "GER"]
[SourceTitle "CBM 148 Extra"]
[Source "ChessBase"]
[SourceDate "2012.06.22"]
[SourceVersion "1"]
[SourceVersionDate "2012.06.22"]
[SourceQuality "1"]

1. e4 e5 2. Nf3 Nc6 3. Bc4 Nf6 4. d3 Be7 5. Nc3 d6 6. h3 Be6 7. Bb3 Qd7 8. Be3 d5 9. exd5 Nxd5 10. Nxd5 Bxd5 11. Ba4 Qd6 12. Qe2 Qb4+ 13. Bd2 Qxa4 14. Nxe5 Nd4 15. b3 Nxe2 16. bxa4 Bf6 17. Nxf7 Kxf7 18. Rb1 Nc3 19. Bxc3 Bxc3+ 20. Ke2 Bxg2 21. Rhg1 Rhe8+ 22. Kd1 Re7 23. Rb3 Bf3+ 24. Kc1 Re1+ 25. Rxe1 Bxe1 26. d4 Bd5 27. Rb5 Ke6 28. f4 Rf8 29. Rc5 c6 30. Kd1 Bb4 31. Rxd5 Kxd5 32. c3 Bxc3 33. a5 Rxf4 34. h4 Kxd4 35. Ke2 Rxh4 36. a4 Bxa5 37. Kf3 Ke5 38. Ke3 Rh3+ 39. Kf2 Kf4 40. Ke2 Ra3 41. Kd1 Ra2 42. Kc1 Ke3 43. Kb1 Rh2 44. Kc1 Kd3 45. Kb1 Kc3 46. Ka1 Kb3 47. Kb1 Rh1# 0-1

[Event "GER-ch U25 op-B"]
[Site "Oberhof"]
[Date "2012.05.27"]
[Round "1"]
[White "Arnold, Alexandria"]
[Black "Koll, Lukas"]
[Result "0-1"]
[WhiteElo "872"]
[BlackElo "1282"]
[PlyCount "32"]
[EventDate "2012.05.27"]
[EventType "swiss"]
[EventRounds "9"]
[EventCountry "GER"]
[SourceTitle "CBM 148 Extra"]
[Source "ChessBase"]
[SourceDate "2012.06.22"]
[SourceVersion "1"]
[SourceVersionDate "2012.06.22"]
[SourceQuality "1"]

1. e4 e5 2. Nf3 Nc6 3. Nc3 Nf6 4. Bc4 Bc5 5. d3 h6 6. Bd2 d6 7. a3 Bg4 8. h3 Bh5 9. g4 Nxg4 10. hxg4 Bxg4 11. Be3 Bb6 12. Qe2 Qf6 13. Qf1 Qxf3 14. Bg5 Bxf2+ 15. Kd2 0-0 16. Bh4 Qe3# 0-1